000 00892cab a2200253 4500
001 WB3239-38
008 090401t1996 xxu||||| |||| 00| 0 eng d
035 _a(Sirsi) u27491
041 _aeng
245 2 _aA two-tier market now
260 _c1996
350 _a0
490 _aFinancial Times
_v16 October 1996, 24(1)
520 _aTwo changes in property ownership law, one `enfranchising` properties paying high ground rent, and the other creating a new legal structure for joint ownership, give the clearest signals yet to the end of the leasehold system.
650 _aCOMMONHOLD
650 _aGROUND RENTS
650 _aHOUSING ACT 1996
650 _aLEASEHOLD ENFRANCHISEMENT
650 _aLEASEHOLD REFORM, HOUSING AND URBAN DEVELOPMENT ACT 1993
650 _aLEASEHOLD TENURE
690 _aLANDLORD AND TENANT-LEASEHOLD REFORM
942 _n0
948 _c04/03/1997
999 _c18503
_d18503